Statistics for Languages of the Greater Dandenong Region, Melbourne

Click here to take the quiz!

General Stats

  • This quiz has been taken 50 times
  • The average score is 11 of 21

Answer Stats

Language% Correct
Arabic
84%
English
84%
Spanish
84%
Italian
78%
Mandarin
78%
Greek
73%
Russian
73%
Vietnamese
73%
Cantonese
68%
Korean
62%
Serbian
59%
Turkish
59%
Croatian
49%
Persian
46%
Bosnian
35%
Khmer
35%
Macedonian
32%
Amharic
19%
Dari
19%
Somali
19%
Dinka
5%

Score Distribution

Percentile by Number Answered

Percent of People with Each Score

Your Score History

You have not taken this quiz